000
00278nam a22001217a 4500
082
_a
894.812
_b
KAN*/O
100
_a
KANAKARAGHAVAN
245
_a
ONAPOOKKALAM
260
_a
THRISSUR
_b
H & C PUBLISHING HOUSE
300
_a
46
650
_a
ONAM FESTIVAL DETAILS
_z
KERALA
942
_c
BK
999
_c
1010
_d
1010